Ekonomika a politika v epoche diktatúry proletariátu
Guardado en:
| Formato: | Libro |
|---|---|
| Lenguaje: | eslovaco |
| Publicado: |
Bratislava
Pravda
1950
|
| Etiquetas: |
Sin Etiquetas, Sea el primero en etiquetar este registro!
|
MARC
| LEADER | 00000nam a2200000 4500 | ||
|---|---|---|---|
| 001 | 0307620 | ||
| 005 | 20250313082510.6 | ||
| 041 | 0 | |a slo | |
| 044 | |a SK | ||
| 245 | 1 | 0 | |a Ekonomika a politika v epoche diktatúry proletariátu |c Vladimir Iľjič Lenin |
| 264 | 1 | |a Bratislava |b Pravda |c 1950 | |